LEADER 01381nam0 22003253i 450 001 TO00344076 005 20231121125837.0 010 $a0521431859 100 $a20141104d1993 ||||0itac50 ba 101 | $aeng 102 $agb 181 1$6z01$ai $bxxxe 182 1$6z01$an 200 1 $aArt and patronage in the Caroline courts$eessays in honour of Sir Oliver Millar$fedited by David Howarth 210 $aCambridge$cCambridge University press$d1993 215 $aXVII, 303 p.$cill.$d26 cm. 606 $aArte$xGran Bretagna$xSec. 17.$2FIR$3BVEC051844$9I 606 $aGran Bretagna$xSovrani$xMecenatismo$xSec. 17.$2FIR$3BVEC051846$9I 676 $a709.41$9BELLE ARTI E ARTI DECORATIVE. ISOLE BRITANNICHE$v21 702 1$aHowarth$b, David$f <1950- $c ; storico dell'arte>$3SBNV045998 702 1$aMillar$b, Oliver$3VEAV016178 790 1$aHowarth$b, David John$f <1950- $c ; storico dell'arte>$3SBNV046010$zHowarth, David <1950- ; storico dell'arte> 801 3$aIT$bIT-01$c20141104 850 $aIT-FR0017 899 $aBiblioteca umanistica Giorgio Aprea$bFR0017 $eN 912 $aTO00344076 950 0$aBiblioteca umanistica Giorgio Aprea$d 52SALA BRAGAS.A. 5$e 52ATE0000015685 VMN RS $fA $h20141104$i20141104 977 $a 52 996 $aArt and patronage in the Caroline courts$93637884 997 $aUNICAS